| 000 | 00769nam a2200289Ia 4500 | ||
|---|---|---|---|
| 005 | 20260324141249.0 | ||
| 008 | 008 260324s9999 xx 000 0 eng d | ||
| 020 | _a9781315049243 | ||
| 037 | _aEBOOK | ||
| 040 | _aCRL | ||
| 040 | _beng | ||
| 040 | _cCRL | ||
| 041 | _2eng | ||
| 041 | _aeng | ||
| 084 | _qCRL | ||
| 100 |
_aKate Rousmaniere; Kari Dehli; Ning De Coninck Smith; Kari Dehli; Kate Rousmaniere; Ning De Coninck-Smith _91207535 |
||
| 245 | 0 | _aDiscipline, Moral Regulation, and Schooling | |
| 245 | 2 | _bA Social History | |
| 260 | _bTaylor and Francis | ||
| 260 | _c1997 | ||
| 365 | _a | ||
| 365 | _b230 | ||
| 856 | _uhttp://www.taylorfrancis.com/books/9781315049243 | ||
| 942 | _cEBOOK | ||
| 999 |
_c1810446 _d1810446 |
||